000 00673nam a22001937a 4500
003 BUBTL
008 190427b xxu||||| |||| 00| 0 eng d
020 _a984-70133-0010-1
082 _a954.92 / ISB
100 _92295
_aইসলাম, রফিকুল
245 _aবাংলাদেশের গেরিলা যুদ্ধ /
_cরফিকুল ইসলাম
250 _a2nd ed.
260 _aঢাকা :
_bকাকলী প্রকাশনী
_c c1997
300 _a128 p. :
_c22 cm.
650 0 _91755
_aমুক্তিযুদ্ধ
856 _k0
_l0
_yDownload
942 _2ddc
_cBK
999 _c5993
_d5993